| 000 | 00982naa a2200205 4500 | ||
|---|---|---|---|
| 001 | 2162214035925089 | ||
| 003 | UA-OsUOA | ||
| 005 | 20240701104444.0 | ||
| 008 | 240701b un ||||| |||| 00| 0 ukr d | ||
| 040 |
_aUA-OsUOA _bukr _cUA-OsUOA _dUA-OsUOA |
||
| 041 | _aukr | ||
| 080 | _a908 | ||
| 090 | _a908 | ||
| 100 |
_aВихованець Т. _92217 |
||
| 245 |
_aПлан прицерковних земель Острозької Параскево-П'ятницької церкви від 1840 р. (з фондів Державного історико-культурного заповідника м. Острога) _cВихованець Тарас |
||
| 300 | _aС. 75–79 | ||
| 650 | _2UDC | ||
| 773 | 0 |
_0341377 _9368498 _dОстрог Острозька академія 2007 _o115541 _tЗаписки Наукового товариства студентів та аспірантів ім. О. Оглоблина _w(UA-OsUOA) 55296 _z9667631850 |
|
| 942 |
_2udc _cBKA |
||
| 999 |
_c576722 _d576722 |
||